[Event "Buenos Aires U2200 op"]
[Site "Buenos Aires"]
[Date "2018.08.05"]
[Round "4.1"]
[White "Chan, Daniel"]
[Black "Veliz, Ariel"]
[Result "0-1"]
[WhiteElo "1812"]
[BlackElo "2028"]
[PlyCount "68"]
[EventDate "2018.08.03"]
[EventType "swiss"]
[EventRounds "6"]
[EventCountry "ARG"]
[SourceTitle "EXT 2024"]
[Source "ChessBase"]
[SourceDate "2023.10.10"]
[SourceVersion "1"]
[SourceVersionDate "2023.10.10"]
[SourceQuality "1"]

1. d4 d5 2. Bf4 Nf6 3. e3 c6 4. c4 e6 5. Nc3 Be7 6. h3 Nbd7 7. Nf3 0-0 8. Bd3 dxc4 9. Bxc4 b5 10. Bd3 Bb7 11. Rc1 a6 12. 0-0 c5 13. dxc5 Nxc5 14. Bc2 Qb6 15. Qe2 Rac8 16. Rfd1 Rfd8 17. Rxd8+ Bxd8 18. Rd1 Bc7 19. Ne5 Bxe5 20. Bxe5 Ncd7 21. Bh2 b4 22. Ne4 Nxe4 23. Bxe4 Bxe4 24. Rxd7 Bxg2 25. Rd6 Qb7 26. Qd2 h6 27. Rd8+ Rxd8 28. Qxd8+ Kh7 29. Qd3+ f5 30. e4 Bxe4 31. Qd6 Bh1 32. f3 Qxf3 33. Qg3 Qd1+ 34. Kf2 Qd4+ 0-1